[Event "Konnerud CC-ch"]
[Site "Konnerud"]
[Date "2020.03.04"]
[Round "4"]
[White "Jahnsen, Bjorn"]
[Black "Aure, Havard"]
[Result "0-1"]
[WhiteElo "1324"]
[BlackElo "1332"]
[PlyCount "120"]
[EventDate "2020.01.08"]
[EventType "swiss"]
[EventRounds "6"]
[EventCountry "NOR"]
[SourceTitle "EXT 2024"]
[Source "ChessBase"]
[SourceDate "2023.10.10"]
[SourceVersion "1"]
[SourceVersionDate "2023.10.10"]
[SourceQuality "1"]

1. d4 Nf6 2. Nf3 e6 3. b3 d5 4. Bb2 c5 5. c3 Nc6 6. Nbd2 b5 7. g3 b4 8. c4 dxc4 9. Nxc4 Bb7 10. e3 Be7 11. Bg2 Rb8 12. 0-0 0-0 13. Nfe5 Nxe5 14. dxe5 Bxg2 15. Kxg2 Qd5+ 16. f3 Qxd1 17. Raxd1 Nd5 18. Rd3 Rfd8 19. Rf2 Nb6 20. Rfd2 Nxc4 21. bxc4 Rxd3 22. Rxd3 Rd8 23. Rxd8+ Bxd8 24. f4 a5 25. Kf2 a4 26. a3 b3 27. Kf3 f6 28. Ke4 Kf7 29. g4 h6 30. Kd3 g5 31. h3 fxe5 32. Bxe5 Bf6 33. Bd6 gxf4 34. Bxc5 f3 35. e4 Be7 36. Bf2 Bxa3 37. c5 Bb4 38. c6 Ke7 39. Bd4 Kd6 40. Kc4 f2 41. Bxf2 b2 42. c7 Kd7 43. Kxb4 b1Q+ 44. Kxa4 Qa2+ 45. Kb5 Qxf2 46. c8Q+ Kxc8 47. Kc6 Qd4 48. h4 Qxe4+ 49. Kd6 Qd5+ 50. Ke7 e5 51. g5 hxg5 52. hxg5 Qd8+ 53. Kf7 Qxg5 54. Kf8 Qh6+ 55. Kf7 Kd7 56. Kg8 Qg6+ 57. Kh8 Qf6+ 58. Kg8 Ke7 59. Kh7 Qg5 60. Kh8 Kf7 0-1

[Event "Konnerud CC-ch"]
[Site "Konnerud"]
[Date "2017.02.01"]
[Round "3"]
[White "Armot, Leidulv"]
[Black "Jahnsen, Bjorn"]
[Result "1-0"]
[WhiteElo "1388"]
[BlackElo "1521"]
[PlyCount "79"]
[EventDate "2017.01.11"]
[EventType "swiss"]
[EventRounds "9"]
[EventCountry "NOR"]
[SourceTitle "EXT 2024"]
[Source "ChessBase"]
[SourceDate "2023.10.10"]
[SourceVersion "1"]
[SourceVersionDate "2023.10.10"]
[SourceQuality "1"]

1. d4 d5 2. Nf3 Nf6 3. g3 g6 4. Bg2 Bg7 5. 0-0 0-0 6. b3 Nbd7 7. Bb2 Ne4 8. Nc3 Nxc3 9. Bxc3 Nf6 10. Bb2 Ne4 11. Nd2 Ng5 12. Re1 c5 13. e3 b6 14. c3 e5 15. dxe5 f6 16. f4 Nf7 17. c4 Be6 18. exf6 Bh8 19. cxd5 Bxd5 20. e4 Bc6 21. e5 Bxg2 22. Kxg2 Qd5+ 23. Nf3 Qe6 24. Qe2 Rae8 25. h4 Bxf6 26. Qf2 Bg7 27. Rad1 a5 28. Ng5 Nxg5 29. hxg5 Qc6+ 30. Qf3 Qxf3+ 31. Kxf3 h6 32. gxh6 Bxh6 33. Rd6 Kf7 34. Rxb6 Re6 35. Rb7+ Kg8 36. Kg4 Rf7 37. Rb8+ Kg7 38. Rd1 Kh7 39. Rd6 Ree7 40. e6 1-0